Bi'r Minayh report on the survey 1998-2004

محفوظ في:

مؤلفون آخرون: Luft, Ulrich. Almásy, Adrienn.

التنسيق: كتاب

اللغة: Undetermined

منشور في: Budapest Archaeolingua : Univ. Budapestinensis de Eötvös nom., Facult. Philosophiae 2010.

سلاسل: Studia Aegyptiaca. Series maior ; 3.

الموضوعات:

الوسوم: إضافة وسم

لا توجد وسوم, كن أول من يضع وسما على هذه التسجيلة!

رقم الطلب: ( F )DT73 .T3 S77 v.3

LEADER 00918nam a2200205Ia 4500
008 230909s9999||||xx |||||||||||||| ||und||
020 |a 9789639911116 (cloth) 
050 4 |a ( F )DT73 .T3 S77 v.3 
245 1 0 |a Bi'r Minayh   |b report on the survey 1998-2004  
264 1 |a Budapest   |b Archaeolingua : Univ. Budapestinensis de Eötvös nom., Facult. Philosophiae   |c 2010. 
300 |a 318 p., 16 p. of plates   |b ill., maps   |c 35 cm + 4 fold. plates. 
490 0 |a Studia Aegyptiaca. Series maior ; 3. 
504 |a Includes bibliographical references and indexes. 
650 4 |a B'ir Minayh Site (Egypt) -- Excavations. 
650 4 |a Egypt -- Antiquities. 
650 4 |a Excavations (Archaeology) -- Egypt -- Eastern Desert. 
700 |a Luft, Ulrich. Almásy, Adrienn. 
942 |2 lcc  |c BK 
952 |0 0  |1 0  |2 lcc  |4 0  |7 1  |9 49911  |a ARCE  |b ARCE  |d 2023-09-09  |l 0  |o ( F )DT73 .T3 S77 v.3  |r 2023-09-09 00:00:00  |w 2023-09-09  |y BK 
999 |c 54534  |d 54534